The successful coach : Insider secrets to becoming a top coach
Uloženo v:
| Hlavní autor: | |
|---|---|
| Médium: | Sách |
| Jazyk: | Undetermined |
| Vydáno: |
John Wiley & Sons
2006
|
| Témata: | |
| Tagy: |
Přidat tag
Žádné tagy, Buďte první, kdo otaguje tento záznam!
|
| Thư viện lưu trữ: | Trung tâm Thư viện - Trường Đại học Công nghiệp TP. Hồ Chí Minh |
|---|
| LEADER | 00501nam a2200157Ia 4500 | ||
|---|---|---|---|
| 001 | UIH_04423 | ||
| 008 | 231011s9999 xx 000 0 und d | ||
| 082 | |a 158.3 | ||
| 100 | |a Levine, Terri | ||
| 245 | 0 | |a The successful coach : Insider secrets to becoming a top coach | |
| 245 | 0 | |c Levine, Terri | |
| 260 | |b John Wiley & Sons | ||
| 260 | |c 2006 | ||
| 650 | |a Tâm lý học; | ||
| 927 | |a Sách | ||
| 980 | |a Trung tâm Thư viện - Trường Đại học Công nghiệp TP. Hồ Chí Minh | ||